Klicke die Länder von Ozeanien auf einer Karte - Statistiken

Allgemein
  • Dieses Quiz wurde 463 mal gespielt
  • Das Durchschnittsergebnis liegt bei 10 aus 14
Antworten auf der Karte
Die Antworten werden auf der Karte rot bzw. grün angezeigt, abhängig davon wie oft sie richtig erraten wurden.
 
Antwortstatistiken
Antwort % Korrekt
Australien
96%
Neuseeland
92%
Papua-Neuguinea
88%
Kiribati
71%
Föderierte Staaten von Mikronesien
69%
Salomonen
68%
Fidschi
67%
Nauru
62%
Tonga
62%
Vanuatu
61%
Samoa
59%
Palau
57%
Tuvalu
57%
Marshallinseln
54%
Keine übereinstimmenden Quizze gefunden
Verteilung der Resultate
Anzahl Personen mit jedem Resultat
Perzentil nach korrekt beantworteten Fragen
Ihre Resultats-Entwicklung
Sie haben dieses Quiz noch nicht gespielt